000 01328nam a22002177a 4500
005 20251210114644.0
010 _aB-765998-6014 HIN-130635 20BACCHHN25
020 _a9788188121557
_c295.00
035 _aB-765998-6014
035 _aHN-102981
037 _bपरमेश्वरी प्रकाशन
037 _bपुस्तक प्रदान अधिनियम प्रभाग
082 _a181
100 _aशर्मा,चन्द्रिका
_985999
245 _aमहर्षि दयानंद सरस्वतीः
_bजीवन- चरित्र/
_cचन्द्रिकाप्रसाद शर्मा
260 _a दिल्ली
_bपरमेश्वरी प्रकाशन
_c2025
270 _aबी-109, प्रीत विहार
_b दिल्ली
_e110092
300 _a104पृ.
_c23सेमी(सजिल्द)
_bसचित्र
942 _2ddc
_cCH
_h181
_mशर्माचं
999 _c209202
_d209202